Ngữ văn 10

保存先:
書誌詳細
フォーマット: 図書
言語:Undetermined
出版事項: Hà Nội Giáo dục 2006
主題:
タグ: タグ追加
タグなし, このレコードへの初めてのタグを付けませんか!
Thư viện lưu trữ: Trung tâm Học liệu Trường Đại học Cần Thơ
LEADER 00523nam a2200193Ia 4500
001 CTU_116114
008 210402s9999 xx 000 0 und d
020 |c 6000 
082 |a 495.9220712 
082 |b Ng550/T2/L10 
245 0 |a Ngữ văn 10 
245 0 |c Phan Trọng Luận ... [et al.] 
260 |a Hà Nội 
260 |b Giáo dục 
260 |c 2006 
650 |a Vietnamese language 
650 |x study and teaching 
904 |i Tuyến 
980 |a Trung tâm Học liệu Trường Đại học Cần Thơ